Skład Realu Madryt 25/26 - Statystyki

Ogólne statystyki
  • Ten quiz został rozwiązany 393 razy
  • Średni wynik to 21 z 25
Statystyki odpowiedzi
Nr Pozycja Narodowość Wiek Piłkarz % Poprawnych
13 Bramkarz Ukraina 26 Andriy Lunin
95%
10 Środkowy napastnik Francja 27 Kylian Mbappe
95%
4 Środkowy obrońca Austria 33 David Alaba
94%
22 Środkowy obrońca Niemcy 32 Antonio Rudiger
93%
7 Lewy napastnik Brazylia 25 Vinicius Junior
93%
8 Środkowy pomocnik Urugwaj 27 Federico Valverde
92%
1 Bramkarz Belgia 33 Thibaut Courtois
92%
6 Środkowy pomocnik Francja 23 Eduardo Camavinga
91%
5 Ofensywny pomocnik Anglia 22 Jude Bellingham
91%
15 Ofensywny pomocnik Turcja 20 Arda Guler
90%
2 Prawy obrońca Hiszpania 33 Daniel Carvajal
89%
11 Prawy napastnik Brazylia 24 Rodrygo
89%
3 Środkowy obrońca Brazylia 27 Eder Militao
88%
23 Lewy obrońca Francja 30 Ferland Mendy
87%
12 Prawy obrońca Anglia 27 Trent Alexander-Arnold
86%
9 Środkowy napastnik Brazylia 19 Endrick
83%
20 Lewy obrońca Hiszpania 26 Fran Garcia
83%
21 Prawy napastnik Maroko 26 Brahim Diaz
81%
16 Środkowy napastnik Hiszpania 21 Gonzalo Garcia
81%
14 Defensywny pomocnik Francja 25 Aurelien Tchouameni
80%
18 Lewy obrońca Hiszpania 22 Alvaro Carreras
78%
17 Środkowy obrońca Hiszpania 22 Raul Asencio
78%
30 Prawy napastnik Argentyna 18 Franco Mastantuono
77%
24 Środkowy obrońca Hiszpania 20 Dean Huijsen
73%
19 Środkowy pomocnik Hiszpania 29 Dani Ceballos
70%
Nie znaleziono quizów pasujących do podanych kryteriów
Rozkład punktacji
Procent ludzi z każdym wynikiem
Percentyl według liczby udzielonych odpowiedzi
Twoja historia wyników
Nie rozwiązałeś tego quizu